| 000 | 00662nam a22001817a 4500 | ||
|---|---|---|---|
| 999 |
_c56899 _d56899 |
||
| 005 | 20191106124422.0 | ||
| 008 | 190612b2019 ru ||||| |||| 00| 0 rus d | ||
| 022 | _a02017296 | ||
| 041 | _arus | ||
| 245 |
_aБанковские Технологии : _b2019 №3 (277) / _cГлав: Ред: Д. Н. Логунов. |
||
| 260 |
_aМосква , _c2019. |
||
| 300 | _aV. | ||
| 653 | _aპერიოდიკა | ||
| 653 | _aსაბანკო ტექნოლოგიები: | ||
| 653 | _aБанковские Технологии | ||
| 700 |
_aЛогунов, Д. Н. _eმთავარი რედაქტორი _92448 |
||
| 942 |
_2udc _cCR |
||